| 000 | 00761nam a22002297a 4500 | ||
|---|---|---|---|
| 003 | UA-OsUOA | ||
| 001 | 28229 | ||
| 007 | ta | ||
| 008 | 20040930b un ||||| |||| 00| 0 ukr d | ||
| 090 |
_a81'374.2-161.2 _bС48 |
||
| 942 | _cBK | ||
| 040 |
_aUA-OsUOA _bukr _cUA-OsUOA _dUA-OsUOA |
||
| 245 |
_aСловник української мови XVI - першої половини XVII cт. _bпробний зошит _cред. Д. Г. Гринчишин |
||
| 300 | _a160 с. | ||
| 955 | _a2 | ||
| 041 | _aukr | ||
| 080 | _a81'374.2-161.2 | ||
| 260 |
_aК. _bНаукова думка _c1983 |
||
| 044 | _aUA | ||
| 650 | 7 |
_a8 Мовознавство. Художня література. Літературознавство _2UDC |
|
| 999 |
_c314592 _d314592 |
||